|
|
|
|
| LEADER |
00000nam a2200000 4500 |
| 001 |
vtls012147419 |
| 003 |
SK-MaSNL |
| 005 |
20260301105217.0 |
| 008 |
220831t1825 xr a r 00| 0 ger |
| 015 |
|
|
|a SNBHFA1825
|
| 040 |
|
|
|a SNKHF
|b slo
|c SNK
|e rda
|
| 041 |
|
|
|a ger
|
| 044 |
|
|
|a xr
|c CZ
|
| 072 |
|
7 |
|a 93/94
|x Dejiny (všeobecne)
|2 konspekt
|
| 080 |
|
|
|a 93/94
|2 2011
|
| 100 |
1 |
|
|a Kuffner, Christoph,
|d 1777-1846
|4 aut
|9 370412
|
| 245 |
1 |
0 |
|a Artemidor im Reiche Der Rőmer
|b von Chr. Kuffner
|n IIIter Band
|
| 264 |
|
3 |
|a Brünn
|b Bei I. G. Trassler
|c MDCCCXXV (1825)
|
| 300 |
|
|
|a 189 strán
|c 21 cm
|
| 336 |
|
|
|a text
|b txt
|2 rdacontent
|
| 337 |
|
|
|a bez média
|b n
|2 rdamedia
|
| 338 |
|
|
|a zväzok
|b nc
|2 rdacarier
|
| 500 |
|
|
|a Ozdobné linky, ilustrovaný titulný list
|
| 504 |
|
|
|a Tlačené vysvetlivky a komentáre pod textom
|
| 563 |
|
|
|a Väzba pôvodná papierová, mäkká väzba.
|5 SNK IC 145617/3
|
| 650 |
0 |
7 |
|a dejiny
|2 SNKPH
|9 3825
|
| 700 |
1 |
|
|a Trassler, Josef Jiří,
|d 1759-1816
|4 prt
|9 169560
|
| 710 |
0 |
|
|a Trassler, Josef Jiří (Brno, Česko),
|d 1786-1816
|4 prt
|9 161102
|
| 752 |
|
|
|a Česko
|d Brno
|
| 852 |
|
|
|a snk
|b Aponiovská knižnica
|p IC 145617/3
|
| 958 |
|
|
|a DF
|
| 958 |
|
|
|a ONDV
|
| 999 |
|
|
|c 700261
|d 702191
|
| 952 |
|
|
|t Op. XXVII/88
|a SNK
|b SNK
|c SNK_HF
|y PREZ
|7 0
|p 17A1484922
|o snkIC 145617/3
|i snk2022/13215
|8 5
|0 0
|1 0
|4 0
|d 2022-08-31
|l 0
|r 2026-02-23 20:55:15
|w 2026-02-23
|